Hnedé uhlie na prahu trhu. Reštrukturalizácia v ťažobnom priemysle na pokračovanie.
K 1.1.1994, v zmysle uznesenia vlády SR, sa zavęši reštrukturalizácia slovenského uhoľného baníctva vytvorením samostatných účastinných spoločností (Hornonitrianske bane, š.p. Prievidza - Nováky, Handlová, Cígeľ a Banská mechanizácia a energetika Nováky - zostávajú zatiaľ v jednom celku). Vysoká nák...
Guardado en:
| Formato: | Capítulo de libro |
|---|---|
| Lenguaje: | eslovaco |
| Materias: | |
| Etiquetas: |
Sin Etiquetas, Sea el primero en etiquetar este registro!
|
MARC
| LEADER | 00000naa a2200000 4500 | ||
|---|---|---|---|
| 001 | r012705 | ||
| 005 | 20220826094932.4 | ||
| 041 | 0 | |a slo | |
| 044 | |a SK | ||
| 245 | 1 | 0 | |a Hnedé uhlie na prahu trhu. |b Reštrukturalizácia v ťažobnom priemysle na pokračovanie. |
| 520 | |a K 1.1.1994, v zmysle uznesenia vlády SR, sa zavęši reštrukturalizácia slovenského uhoľného baníctva vytvorením samostatných účastinných spoločností (Hornonitrianske bane, š.p. Prievidza - Nováky, Handlová, Cígeľ a Banská mechanizácia a energetika Nováky - zostávajú zatiaľ v jednom celku). Vysoká nákladovosť ťažobného priemyslu. | ||
| 610 | 2 | 0 | |a priemysel ťažobný |
| 610 | 2 | 0 | |a baníctvo |
| 610 | 2 | 0 | |a uhlie |
| 610 | 2 | 0 | |a Slovensko |
| 610 | 2 | 0 | |a koncepcie |
| 610 | 2 | 0 | |a 1994-2005 |